| 000 | 00357pab a2200157 454500 | ||
|---|---|---|---|
| 008 | 180718b2012 xxu||||| |||| 00| 0 eng d | ||
| 100 | _aArvind Kumar | ||
| 245 | _aRio + 20 earth summit in perspective | ||
| 260 | _c2012 | ||
| 300 | _ap.13-17. | ||
| 362 | _aJul | ||
| 650 | _aClimatic change | ||
| 773 | _aThird Concept | ||
| 908 | _aN | ||
| 909 | _a96941 | ||
| 999 |
_c96941 _d96941 |
||